000 00324nam a2200133Ia 4500
005 20251222144842.0
008 251222s9999||||xx |||||||||||||| ||spa||
020 _a3907070690
082 _a980/M98
245 0 _aSicán-Ein Fürstengrab in Alt-Peru
250 _a1ra.ed.
264 _bMuseum Rietberg Zürich
942 _cLIB
999 _c21254
_d21254